[Event "ESP-chT Div Honor 2018"]
[Site "Linares"]
[Date "2018.08.07"]
[Round "2"]
[White "Osmak, Iulija"]
[Black "Silva Lucena, Cristian"]
[Result "1-0"]
[WhiteElo "2410"]
[BlackElo "2237"]
[TimeControl "40/5400+30:1800+30"]
[Annotator "NA"]
[EventDate "2018.08.06"]
[PlyCount "79"]
[EventType "team-tourn"]
[EventCountry "ESP"]

1. d4 Nf6 2. Bg5 c5 3. d5 Ne4 4. Bf4 Qb6 5. Bc1 e6 6. f3 Qa5+ 7. c3 Nf6 8.
e4 d6 9. Na3 exd5 10. exd5 Be7 11. Nc4 Qd8 12. Ne3 O-O 13. Bd3 Nbd7 14. Ne2
Ne5 15. Bc2 Re8 16. O-O Bf8 17. c4 g6 18. h3 Qe7 19. Ng3 b5 20. cxb5 a6 21.
b6 Rb8 22. Bd2 Rxb6 23. f4 Ned7 24. Re1 Bg7 25. Nc4 Qf8 26. Rxe8 Qxe8 27.
Qf3 Bb7 28. Re1 Qa8 29. Nxb6 Nxb6 30. Qb3 Nfxd5 31. Be4 Bd4+ 32. Kh2 c4 33.
Qa3 Bf2 34. Re2 Bc5 35. Qf3 Qf8 36. f5 Ba8 37. Ba5 Nc7 38. Bxb6 Bxb6 39.
Bxa8 Nxa8 40. Qc6 1-0

[Event "ESP-chT Div Honor 2018"]
[Site "Linares"]
[Date "2018.08.07"]
[Round "2"]
[White "Vega Gutierrez, Sabrina Neide"]
[Black "Ubilava, Elizbar"]
[Result "1/2-1/2"]
[WhiteElo "2390"]
[BlackElo "2485"]
[Annotator "TA"]
[EventDate "2018.08.06"]
[PlyCount "111"]
[EventType "team-tourn"]
[EventCountry "ESP"]

1. d4 Nf6 2. c4 d6 3. Nc3 e5 4. Nf3 Nbd7 5. e4 Be7 6. Be2 O-O 7. O-O c6 8.
Qc2 Re8 9. Be3 a6 10. h3 b5 11. a3 Bb7 12. Rfd1 Qc7 13. Rac1 Rac8 14. b4
Bf8 15. cxb5 $146 cxb5 16. Qa2 Qd8 17. dxe5 dxe5 18. Ng5 Qe7 19. Nd5 Nxd5
20. exd5 Nf6 $1 21. d6 Qd7 22. Bc5 Bc6 23. f3 g6 24. Bd3 Bd5 $15 25. Qf2
Bxd6 26. Be4 Bxc5 27. Rxc5 $11 Qe7 $36 28. Bxd5 Nxd5 29. Rdxd5 Qxg5 30. Qe2
Rxc5 31. Rxc5 $17 Qf4 32. Qd3 Qd4+ 33. Qxd4 exd4 $19 34. Rd5 Re3 $1 35.
Rxd4 Rxa3 36. Kf2 Ra2+ 37. Kg3 Kg7 $1 38. h4 h5 39. Rf4 Rc2 40. Rd4 Kf6 41.
Rd6+ Kf5 42. Rxa6 Rc4 43. Rb6 Rxb4 44. Kf2 Rb2+ 45. Ke3 Rb3+ 46. Kf2 b4 47.
Rb5+ $11 Ke6 48. g4 $1 f5 49. gxf5+ gxf5 50. Kg3 Rb1 51. Kf4 b3 52. Rxf5
Kd6 53. Rxh5 Kc6 54. Rh8 Kc7 55. Rh5 Kc6 56. Rh8 1/2-1/2

[Event "ESP-chT Div Honor 2018"]
[Site "Linares"]
[Date "2018.08.07"]
[Round "2"]
[White "Assaubayeva, Bibissara"]
[Black "Suarez Garcia, Carlos"]
[Result "1-0"]
[WhiteElo "2346"]
[BlackElo "2468"]
[TimeControl "40/5400+30:1800+30"]
[Annotator "ChessBase"]
[EventDate "2018.08.06"]
[PlyCount "47"]
[EventType "team-tourn"]
[EventCountry "ESP"]

1. d4 Nf6 2. c4 e6 3. Nf3 b6 4. g3 Bb4+ 5. Bd2 Be7 6. Bg2 c6 7. O-O d5 8.
Bf4 Nbd7 9. Nc3 Ba6 10. cxd5 Nxd5 11. Bd2 O-O 12. Re1 c5 13. dxc5 bxc5 14.
Qa4 Nb4 15. a3 Nb6 16. Qa5 Bb7 17. axb4 cxb4 18. Nb1 Nc4 19. Qxd8 Rfxd8 20.
b3 Nb6 21. Be3 Nd5 22. Rxa7 Nxe3 23. Rxb7 Nc2 24. Rc1 1-0

[Event "ESP-chT Div Honor 2018"]
[Site "Linares"]
[Date "2018.08.07"]
[Round "2"]
[White "Alshameary Puente, Ismael"]
[Black "Ramiro Ovejero, Juan Luis"]
[Result "1/2-1/2"]
[WhiteElo "2343"]
[BlackElo "2382"]
[TimeControl "40/5400+30:1800+30"]
[Annotator "NA"]
[EventDate "2018.08.06"]
[PlyCount "123"]
[EventType "team-tourn"]
[EventCountry "ESP"]

1. d4 d5 2. c4 dxc4 3. e3 e5 4. Bxc4 exd4 5. exd4 Bd6 6. Nf3 Nf6 7. O-O O-O
8. Nc3 Nc6 9. h3 h6 10. Be3 Bf5 11. Nh4 Bh7 12. Qf3 Nxd4 13. Bxd4 Bh2+ 14.
Kxh2 Qxd4 15. Bxf7+ Rxf7 16. Qxb7 Rff8 17. Qb3+ Kh8 18. Nf3 Qd6+ 19. Kg1
Rab8 20. Qa4 Rxb2 21. Qxa7 Ne4 22. Qe3 Qb6 23. Nxe4 Qxe3 24. fxe3 Bxe4 25.
Rf2 Rb6 26. a4 Rb3 27. a5 Ra8 28. Re2 Rb5 29. Rea2 Bd5 30. Ra4 Rb2 31. e4
Bb3 32. R4a3 c5 33. a6 Ra7 34. Ne5 c4 35. Nc6 Ra8 36. Nd4 Bc2 37. Nxc2 Rxc2
38. a7 Rb2 39. Kh2 Kh7 40. Kg3 Kg6 41. Ra6+ Kf7 42. R1a3 Rb7 43. Kf4 Rc7
44. Rc3 Raxa7 45. Rxa7 Rxa7 46. Rxc4 Ra2 47. Rc7+ Kf6 48. e5+ Kg6 49. Kf3
Rb2 50. h4 Rb3+ 51. Kf4 Rb4+ 52. Kg3 Rb3+ 53. Kh2 Re3 54. Re7 h5 55. Kg1
Re4 56. g3 Re2 57. Kf1 Ra2 58. e6 Ra6 59. Re8 Kf6 60. e7 g6 61. Kf2 Kf7 62.
Rb8 1/2-1/2

[Event "ESP-chT Div Honor 2018"]
[Site "Linares"]
[Date "2018.08.07"]
[Round "2"]
[White "Collazo Hidalgo Gato, Niala"]
[Black "Gines Esteo, Pedro Antonio"]
[Result "1-0"]
[WhiteElo "2199"]
[BlackElo "2336"]
[TimeControl "40/5400+30:1800+30"]
[Annotator "NA"]
[EventDate "2018.08.06"]
[PlyCount "109"]
[EventType "team-tourn"]
[EventCountry "ESP"]

1. e4 c6 2. d4 d5 3. Nd2 dxe4 4. Nxe4 Bf5 5. Ng3 Bg6 6. Nh3 e6 7. Bc4 Bd6
8. O-O Nf6 9. f4 Qa5 10. f5 exf5 11. Qe2+ Kf8 12. Bd2 Qb6 13. Nxf5 Bxf5 14.
Rxf5 Nbd7 15. Raf1 Qxd4+ 16. Be3 Qe4 17. Rxf6 Nxf6 18. Rxf6 Qe5 19. Rxf7+
Ke8 20. Nf4 b5 21. Bb3 Rf8 22. Rxf8+ Kxf8 23. Qf3 Ke7 24. Qh3 Rf8 25. Qe6+
Qxe6 26. Nxe6 Rf5 27. Nd4 Rc5 28. g4 g6 29. Nf3 a5 30. Bxc5 Bxc5+ 31. Kg2
a4 32. Bg8 Kf8 33. Be6 Ke7 34. Bc8 Kd8 35. Ba6 Kd7 36. Ne5+ Kc7 37. Nd3 Be7
38. c4 Kb6 39. cxb5 cxb5 40. Bc8 Kc7 41. Be6 Kd6 42. Bf7 Kd7 43. Kf3 Bf6
44. Kf4 Ke7 45. Bg8 Kf8 46. Bd5 b4 47. b3 axb3 48. axb3 Bc3 49. Ke4 Kg7 50.
Nf4 Kf6 51. Bg8 Kg7 52. Bc4 Bd2 53. Nd5 Kh6 54. Kd3 Be1 55. Ke2 1-0

[Event "ESP-chT Div Honor 2018"]
[Site "Linares"]
[Date "2018.08.08"]
[Round "3"]
[White "Navara, David"]
[Black "Harikrishna, P."]
[Result "1/2-1/2"]
[WhiteElo "2741"]
[BlackElo "2739"]
[Annotator "TA"]
[EventDate "2018.08.06"]
[PlyCount "103"]
[EventType "team-tourn"]
[EventCountry "ESP"]

1. d4 d5 2. c4 e6 3. Nc3 Be7 4. cxd5 exd5 5. Bf4 c6 6. e3 Bf5 7. Nge2 Nd7
8. Ng3 Bg6 9. Be2 Ngf6 10. h4 h5 11. Bg5 Ne4 12. Bxe7 $146 Qxe7 13. Nxh5
Bxh5 14. Bxh5 g6 15. Nxe4 Rxh5 16. Ng3 Rxh4 17. Rxh4 Qxh4 18. b4 a6 19. a4
Nb6 20. Rc1 Qe7 21. Qb3 Nc4 22. Nf1 a5 23. b5 $11 Qb4+ 24. Qxb4 axb4 25.
bxc6 bxc6 26. Nd2 Nxd2 27. Kxd2 Rxa4 28. Rxc6 Ra2+ 29. Ke1 $1 b3 30. Rb6 b2
31. Kd1 Kd7 32. f3 Kc7 33. Rb3 Kc6 34. Kc2 b1=Q+ 35. Kxb1 Rxg2 36. Kc1 g5
37. Kd1 f5 38. Ke1 Rc2 39. Rb8 Kd6 40. Rg8 g4 41. fxg4 fxg4 42. Rxg4 Ke6
43. Rg5 Ra2 44. Kf1 Rb2 45. Rg2 Rb1+ 46. Ke2 Ra1 47. Rg6+ Ke7 48. Rb6 Rh1
49. Kf3 Rh3+ 50. Kf4 Rh4+ 51. Kf5 Re4 52. Rb3 1/2-1/2

[Event "ESP-chT Div Honor 2018"]
[Site "Linares"]
[Date "2018.08.08"]
[Round "3"]
[White "Vitiugov, Nikita"]
[Black "Kryvoruchko, Yuriy"]
[Result "1/2-1/2"]
[WhiteElo "2730"]
[BlackElo "2711"]
[Annotator "TA"]
[EventDate "2018.08.06"]
[PlyCount "37"]
[EventType "team-tourn"]
[EventCountry "ESP"]

1. d4 Nf6 2. c4 e6 3. g3 d5 4. Bg2 Be7 5. Nf3 O-O 6. O-O dxc4 7. Qc2 b6 8.
Ne5 Qxd4 9. Bxa8 Qxe5 10. Bf3 Nd5 11. Qxc4 Ba6 12. Qa4 c5 13. Na3 $146 Qc7
14. Rd1 Bf6 15. Rb1 Qc6 16. Qe4 Qc8 17. Qa4 Qc6 18. Qe4 Qc8 19. Qa4 1/2-1/2

[Event "ESP-chT Div Honor 2018"]
[Site "Linares"]
[Date "2018.08.08"]
[Round "3"]
[White "Saric, Ivan"]
[Black "Rodshtein, Maxim"]
[Result "1/2-1/2"]
[WhiteElo "2690"]
[BlackElo "2678"]
[Annotator "TA"]
[EventDate "2018.08.06"]
[PlyCount "175"]
[EventType "team-tourn"]
[EventCountry "ESP"]

1. e4 e5 2. Nf3 Nc6 3. Bb5 Nf6 4. d3 Bc5 5. Nbd2 O-O 6. Bxc6 dxc6 7. Qe2
Re8 8. Nc4 Bg4 9. Bg5 $146 Re6 10. h3 Bxf3 11. Qxf3 Qe8 12. h4 Nd7 13. h5
b5 14. Ne3 f6 15. Bh4 Bxe3 16. fxe3 c5 17. h6 $1 g6 18. a4 b4 19. b3 a5 20.
O-O-O Rd6 21. g4 Qe7 22. Rhf1 Rf8 23. Qe2 Rd8 24. d4 $1 $16 cxd4 25. exd4
Nb6 26. d5 c5 27. Qb5 Rc8 $2 28. Kb1 $2 c4 29. Qxa5 Qc7 $1 $11 30. Rc1 g5
31. Bf2 $1 Nxd5 $1 32. Qxc7 Nc3+ 33. Kb2 Rxc7 34. Rfe1 Kf7 35. a5 Nb5 36.
bxc4 $1 Rxc4 37. Red1 $1 Nd4 $1 38. Bxd4 exd4 $14 39. Kb3 Rdc6 $2 40. Rd3
$1 $18 Ke6 $2 41. a6 $1 Rc8 42. Ra1 $1 R4c6 43. a7 Ra8 44. Rxd4 Rc7 45.
Ra6+ $2 Ke5 $16 46. Rd5+ Kxe4 47. Rda5 Kf4 48. Rxf6+ Kxg4 49. Rfa6 Kh5 50.
Kxb4 Rxc2 51. Kb5 $1 Rb2+ 52. Kc6 Kxh6 $14 53. Kc7+ Kh5 $11 54. Rd6 Rb1 55.
Rd7 h6 56. Rd6 Rb2 57. Raa6 g4 $1 58. Rxh6+ Kg5 59. Rhg6+ Kf5 60. Rg7 Rb3
61. Ra4 g3 62. Rf7+ Ke6 63. Rg7 Kf6 64. Rgg4 Kf5 $1 65. Rgc4 g2 66. Rc5+
Kf6 67. Ra6+ Ke7 68. Re5+ Kf7 69. Rf5+ Ke7 70. Rg5 Rb2 71. Rg4 Kf7 72. Rg3
Ke7 73. Rg5 Kf7 74. Rg4 Ke7 75. Rg3 Kf7 76. Kc6 Rc8+ 77. Kd7 Ra8 78. Raa3
Kf6 79. Kd6 Rd2+ 80. Kc6 Rb2 81. Raf3+ Ke5 82. Rf7 Rc8+ 83. Kd7 Ra8 84.
Rg5+ Ke4 85. Kc6 Ra2 86. Kb6 Rb2+ 87. Kc6 Ra2 88. Kb6 1/2-1/2

[Event "ESP-chT Div Honor 2018"]
[Site "Linares"]
[Date "2018.08.08"]
[Round "3"]
[White "Adhiban, Baskaran"]
[Black "Ponomariov, Ruslan"]
[Result "1/2-1/2"]
[WhiteElo "2671"]
[BlackElo "2686"]
[Annotator "TA"]
[EventDate "2018.08.06"]
[PlyCount "69"]
[EventType "team-tourn"]
[EventCountry "ESP"]

1. d4 Nf6 2. c4 c5 3. d5 g6 4. Nc3 d6 5. e4 Bg7 6. h3 O-O 7. Nf3 e6 8. Bd3
Na6 9. Be3 Re8 10. O-O Nc7 11. a4 Na6 12. Nd2 $146 Nb4 13. Be2 b6 14. Qb3
a6 15. Rae1 Ra7 16. Qd1 Rae7 17. Qb1 Qc7 18. Bf4 e5 19. Be3 Nd7 20. Bg4 Rf8
21. Kh1 Ree8 22. Be2 Qd8 23. Nf3 Kh8 24. Bg5 f6 25. Bh4 Bh6 26. Nh2 Bd2 27.
Rd1 Bf4 28. Bg4 h5 $17 29. Bxd7 Bxd7 30. Bg3 f5 31. Bxf4 exf4 32. Rfe1 g5
$1 33. Qc1 Qf6 34. h4 g4 35. Qxf4 1/2-1/2

[Event "ESP-chT Div Honor 2018"]
[Site "Linares"]
[Date "2018.08.08"]
[Round "3"]
[White "Jones, Gawain C B"]
[Black "Korneev, Oleg"]
[Result "1-0"]
[WhiteElo "2666"]
[BlackElo "2513"]
[Annotator "TA"]
[EventDate "2018.08.06"]
[PlyCount "115"]
[EventType "team-tourn"]
[EventCountry "ESP"]

1. e4 c5 2. Nf3 e6 3. d4 cxd4 4. Nxd4 Nc6 5. Nc3 a6 6. Nxc6 bxc6 7. Bd3 d5
8. O-O Nf6 9. Qf3 Be7 10. Qg3 Nh5 11. Qg4 g6 $1 12. Bh6 d4 13. Na4 e5 14.
Qf3 Bg5 15. Bc4 Ra7 16. Bxg5 Qxg5 17. Nb6 $146 O-O 18. Nxc8 Rxc8 19. g3 Kg7
20. Qd3 c5 21. Bxa6 c4 22. Bxc4 Nf4 $1 23. Qb3 Qh5 24. gxf4 Rxc4 $1 25. f3
Rac7 26. Rf2 exf4 27. Qd3 Qg5+ 28. Kh1 Qc5 29. Rd1 Rb4 30. b3 $16 Ra7 31.
a4 Qe5 32. Qd2 Rab7 33. Rg2 h6 34. Rg4 h5 35. Rg2 Qf6 36. Rdg1 $1 $18 R4b6
37. Rg5 Re6 38. Rf5 Qh4 39. Rxf4 Qd8 40. Rf5 Kh7 41. Qg2 Qh4 42. Rd5 Rc6
43. Rxd4 Rc3 44. Rd2 Qf4 45. Rf2 Qe3 46. Re2 Qf4 47. Rf1 Rbc7 48. Qg3 Qf6
49. Qf2 Qa6 50. Rd1 Qf6 51. f4 h4 52. e5 Qc6+ 53. Kg1 h3 $2 54. Qh4+ Kg7
55. Rd8 Qc5+ 56. Rf2 Qxf2+ 57. Kxf2 Rxc2+ 58. Ke3 1-0

[Event "ESP-chT Div Honor 2018"]
[Site "Linares"]
[Date "2018.08.08"]
[Round "3"]
[White "Anton Guijarro, David"]
[Black "Shirov, Alexei"]
[Result "1/2-1/2"]
[WhiteElo "2652"]
[BlackElo "2631"]
[Annotator "TA"]
[EventDate "2018.08.06"]
[PlyCount "46"]
[EventType "team-tourn"]
[EventCountry "ESP"]

1. d4 d5 2. c4 c6 3. Nf3 Nf6 4. Nc3 e6 5. e3 Nbd7 6. Qc2 Bd6 7. b3 O-O 8.
Be2 b6 9. Bb2 Bb7 10. O-O Qe7 11. Rfe1 Rac8 12. e4 Nxe4 13. Nxe4 dxe4 14.
Qxe4 Ba3 15. Bxa3 $146 Qxa3 16. Qh4 c5 17. Qe7 Bxf3 $1 $11 18. Bxf3 Nf6 19.
dxc5 Rfe8 20. Qb7 Rb8 21. Qc7 Rbc8 22. Qb7 Rb8 23. Qc7 Rbc8 1/2-1/2

[Event "ESP-chT Div Honor 2018"]
[Site "Linares"]
[Date "2018.08.08"]
[Round "3"]
[White "Meier, Georg"]
[Black "Volkov, Sergey"]
[Result "1-0"]
[WhiteElo "2638"]
[BlackElo "2557"]
[Annotator "TA"]
[EventDate "2018.08.06"]
[PlyCount "117"]
[EventType "team-tourn"]
[EventCountry "ESP"]

1. d4 d5 2. c4 c6 3. Nf3 Nf6 4. Nc3 a6 5. cxd5 cxd5 6. Bf4 Nc6 7. Rc1 Nh5
$146 8. Bd2 Nf6 9. a3 Ne4 10. Nxe4 dxe4 11. Ne5 $1 Nxe5 12. dxe5 Bd7 13. g3
Bc6 14. Bg2 Qd5 15. O-O f5 16. exf6 exf6 17. Be3 Qe6 18. Rxc6 Qxc6 19. Qb3
$1 $36 Rd8 20. Rc1 Qd5 21. Qxd5 Rxd5 22. Bxe4 Rb5 23. b4 f5 24. Bd3 Rd5 25.
Rc8+ Kd7 26. Rb8 Kc6 27. Rc8+ Kd7 $11 28. Rb8 Kc6 $1 $16 29. a4 g6 30. b5+
$1 $18 axb5 31. Bxb5+ Kc7 32. Re8 $1 Rd8 33. Rxd8 Kxd8 34. Bd4 Rg8 35. Bc4
Rg7 36. Bxg7 Bxg7 37. Bg8 $1 Ke7 38. Bxh7 Kf6 39. Bg8 Bf8 $2 40. Kg2 b6 $2
41. h4 $1 Bb4 42. Bd5 Kg7 43. Bc6 Be1 44. Be8 Kh6 45. f3 Kh5 46. Kh3 Bf2 $2
47. e4 fxe4 48. fxe4 $2 Bd4 $2 49. g4+ Kh6 50. g5+ $1 Kh7 51. Kg4 Bc3 52.
Bxg6+ Kxg6 53. h5+ Kf7 54. Kf5 Bd2 55. e5 Bc1 56. h6 Kg8 57. Kg6 Bb2 58.
h7+ Kh8 59. e6 1-0

[Event "ESP-chT Div Honor 2018"]
[Site "Linares"]
[Date "2018.08.08"]
[Round "3"]
[White "Banusz, Tamas"]
[Black "Antipov, Mikhail Al"]
[Result "1-0"]
[WhiteElo "2612"]
[BlackElo "2598"]
[Annotator "TA"]
[EventDate "2018.08.06"]
[PlyCount "97"]
[EventType "team-tourn"]
[EventCountry "ESP"]

1. Nf3 Nf6 2. c4 c6 3. g3 d5 4. Bg2 Bf5 5. O-O e6 6. d3 dxc4 7. dxc4 Qxd1
8. Rxd1 Bc2 9. Rf1 Nbd7 10. Bf4 Nh5 $146 11. Be3 Bc5 12. Bxc5 $1 $16 Nxc5
13. b4 Nd7 14. Nc3 a6 15. Nd4 Bg6 16. Nb3 Rc8 17. c5 Ke7 18. Na5 Rc7 19.
Rfd1 f5 20. e4 fxe4 21. Nxe4 Bxe4 22. Bxe4 Nhf6 23. Bg2 Nd5 24. a3 Ne5 25.
Rd4 Rf8 26. f4 Ng4 27. Re1 $1 $18 Nge3 28. Bh3 g6 29. Nc4 $1 Nxc4 30. Rxe6+
Kf7 31. Rxc4 a5 32. Re5 $1 axb4 33. Be6+ Kg7 34. axb4 Nf6 35. Rd4 Ra8 36.
g4 h6 37. h4 Nh7 38. g5 hxg5 39. hxg5 Re8 40. Kg2 Rce7 41. Rde4 $1 Nf8 $2
42. Bg4 Rxe5 43. Rxe5 Rxe5 44. fxe5 Kf7 45. Bc8 Ke7 46. Bxb7 Kd7 47. Kg3
Ne6 48. Kg4 Nc7 49. Kh4 1-0

[Event "ESP-chT Div Honor 2018"]
[Site "Linares"]
[Date "2018.08.08"]
[Round "3"]
[White "Perez Candelario, Manuel"]
[Black "Forcen Esteban, Daniel"]
[Result "0-1"]
[WhiteElo "2611"]
[BlackElo "2569"]
[Annotator "TA"]
[EventDate "2018.08.06"]
[PlyCount "80"]
[EventType "team-tourn"]
[EventCountry "ESP"]

1. e4 e6 2. d4 d5 3. Nd2 c5 4. Ngf3 cxd4 5. Nxd4 Nc6 6. Bb5 Bd7 7. Nxc6
bxc6 8. Bd3 Qc7 9. O-O Bd6 10. h3 Ne7 11. b3 $146 O-O 12. Bb2 e5 13. Rc1 f5
14. exd5 Nxd5 15. Nc4 $16 e4 16. Be2 Bf4 $15 17. Qd4 Be6 $36 18. Rce1 c5
$17 19. Qd1 Rad8 20. Qa1 Nb4 $1 21. Qb1 Nc6 22. c3 Ne7 23. Qc2 Nd5 24. Kh1
Bg5 25. Rd1 Bf7 26. Rfe1 Kh8 27. Bf1 $2 Bh5 $19 28. Ra1 Bg6 29. Rad1 f4 30.
Bc1 Bf6 31. Bb2 Bh4 32. Rxe4 Nf6 33. Rxd8 Qxd8 34. f3 Nxe4 35. fxe4 f3 36.
Ba3 fxg2+ 37. Bxg2 Rf2 38. Qc1 Qd3 39. Qe3 Qd1+ 40. Kh2 Qf1 0-1

[Event "ESP-chT Div Honor 2018"]
[Site "Linares"]
[Date "2018.08.08"]
[Round "3"]
[White "Oparin, Grigoriy"]
[Black "Kuzubov, Yuriy"]
[Result "1/2-1/2"]
[WhiteElo "2609"]
[BlackElo "2647"]
[Annotator "TA"]
[EventDate "2018.08.06"]
[PlyCount "60"]
[EventType "team-tourn"]
[EventCountry "ESP"]

1. Nf3 c5 2. c4 Nf6 3. Nc3 Nc6 4. d4 cxd4 5. Nxd4 e6 6. e4 Bb4 7. Nxc6 dxc6
8. Qxd8+ Kxd8 9. e5 Ne4 10. a3 Bxc3+ 11. bxc3 Kc7 12. Be3 b6 13. Bd3 Nc5 $1
14. Bxc5 bxc5 15. O-O-O Rb8 $146 16. Kc2 Bd7 17. h4 f5 18. Rh3 g6 19. Be2
Rbd8 20. f4 h5 21. Rd6 Bc8 $1 22. Rxd8 Kxd8 $14 23. Rg3 Rh6 24. Kb3 Kc7 25.
Ka4 Bb7 26. Ka5 Bc8 27. Ka4 Bb7 28. Ka5 Bc8 29. Ka4 Bb7 30. Ka5 Bc8 1/2-1/2

[Event "ESP-chT Div Honor 2018"]
[Site "Linares"]
[Date "2018.08.08"]
[Round "3"]
[White "Kokarev, Dmitry"]
[Black "Leko, Peter"]
[Result "1/2-1/2"]
[WhiteElo "2608"]
[BlackElo "2691"]
[Annotator "TA"]
[EventDate "2018.08.06"]
[PlyCount "65"]
[EventType "team-tourn"]
[EventCountry "ESP"]

1. e4 c5 2. Nf3 d6 3. d4 cxd4 4. Nxd4 Nf6 5. Nc3 a6 6. Bg5 e6 7. f4 h6 8.
Bh4 Qb6 9. Qd2 Qxb2 10. Rb1 Qa3 11. Bxf6 gxf6 12. Be2 h5 13. O-O Qa5 14.
Kh1 Nc6 15. Nxc6 bxc6 16. Qd4 Be7 $1 17. Na4 $146 d5 18. Nb6 Rb8 19. Nxc8
Rxc8 20. Rb7 Qc5 21. Qd3 Kf8 22. f5 e5 23. Bf3 Rd8 24. h3 Kg7 25. Rfb1 h4
26. Qe2 Kf8 27. Rc7 Bd6 28. Rcb7 Be7 29. a4 Rg8 30. Rc7 Bd6 31. Rcb7 Be7
32. Qd2 Rh8 33. Qe2 1/2-1/2

[Event "ESP-chT Div Honor 2018"]
[Site "Linares"]
[Date "2018.08.08"]
[Round "3"]
[White "Ibarra Jerez, Jose Carlos"]
[Black "Magem Badals, Jordi"]
[Result "1/2-1/2"]
[WhiteElo "2570"]
[BlackElo "2531"]
[TimeControl "40/5400+30:1800+30"]
[Annotator "ChessBase"]
[EventDate "2018.08.06"]
[PlyCount "60"]
[EventType "team-tourn"]
[EventCountry "ESP"]

1. e4 e5 2. Bc4 Nf6 3. d3 Bc5 4. Nf3 Nc6 5. Bb3 O-O 6. O-O d6 7. c3 a6 8.
h3 h6 9. Re1 Re8 10. Nbd2 Ba7 11. Nf1 Be6 12. Bxe6 Rxe6 13. Ng3 d5 14. Qe2
Qd7 15. Nh4 Rd8 16. Nhf5 dxe4 17. dxe4 Qd3 18. Qxd3 Rxd3 19. Be3 Bxe3 20.
Nxe3 Red6 21. Rad1 Rxd1 22. Rxd1 Rxd1+ 23. Nxd1 g6 24. f3 Kf8 25. Kf2 Ke7
26. Ne3 Ke6 27. Ke2 Ne7 28. h4 h5 29. Ngf1 Nd7 30. Nd2 b5 1/2-1/2

[Event "ESP-chT Div Honor 2018"]
[Site "Linares"]
[Date "2018.08.08"]
[Round "3"]
[White "Muzychuk, Anna"]
[Black "Lopez Martinez, Josep Manuel"]
[Result "1-0"]
[WhiteElo "2564"]
[BlackElo "2585"]
[TimeControl "40/5400+30:1800+30"]
[Annotator "ChessBase"]
[EventDate "2018.08.06"]
[PlyCount "53"]
[EventType "team-tourn"]
[EventCountry "ESP"]

1. e4 e5 2. Nf3 Nc6 3. Bb5 Nf6 4. O-O Nxe4 5. d4 Nd6 6. dxe5 Nxb5 7. a4
Nbd4 8. Nxd4 Nxd4 9. Qxd4 d5 10. exd6 Qxd6 11. Qe3+ Qe6 12. Qg3 c6 13. Nc3
f6 14. Bf4 Kf7 15. Rfe1 Qg4 16. Qe3 g5 17. Bg3 Bf5 18. Rad1 Qb4 19. Rd4
Qxb2 20. Ne4 h6 21. c3 Kg6 22. h4 Re8 23. h5+ Kg7 24. Qf3 Rxe4 25. Rdxe4
Bxe4 26. Qxe4 Rg8 27. Rb1 1-0

[Event "ESP-chT Div Honor 2018"]
[Site "Linares"]
[Date "2018.08.08"]
[Round "3"]
[White "Del Rio de Angelis, Salvador Gabriel"]
[Black "Cornette, Deimante"]
[Result "1/2-1/2"]
[WhiteElo "2525"]
[BlackElo "2463"]
[Annotator "TA"]
[EventDate "2018.08.06"]
[PlyCount "163"]
[EventType "team-tourn"]
[EventCountry "ESP"]

1. d4 Nf6 2. c4 e6 3. Nc3 Bb4 4. e3 O-O 5. Nf3 d5 6. Be2 b6 7. O-O Ba6 8.
cxd5 Bxe2 9. Qxe2 $146 exd5 10. Bd2 c6 11. Rac1 Nbd7 12. Qa6 Bd6 13. Ne2
Qc7 14. Qa4 Rac8 15. Bb4 Bxb4 16. Qxb4 c5 17. dxc5 bxc5 18. Qa3 Nb6 19. b3
Ne4 20. Rfd1 Rfd8 21. Qa5 Qe7 22. Ng3 Nxg3 23. hxg3 h6 24. Qb5 Rc7 25. Rc2
Nc8 26. Qa5 Nb6 27. Qc3 Qe6 28. Rdc1 Rdc8 29. Qa5 Qe7 30. Qa3 Kf8 31. Nh4
Nd7 32. Nf5 Qf6 33. Nd4 Qb6 34. Ne2 Kg8 35. Nc3 Qb7 36. Qa4 a6 37. Qf4 Nf6
38. Ne2 Rc6 39. Qe5 Re6 40. Qf5 Rec6 $1 41. Nf4 R6c7 42. Rd1 Rd7 43. Nd3
Rdc7 44. Nf4 Rd7 45. g4 a5 46. g5 hxg5 47. Qxg5 a4 48. bxa4 c4 49. Ne2 Ne4
50. Qg4 Rc6 51. Nd4 Rg6 52. Qe2 Qc7 53. Nf3 $2 Rh6 $19 54. Rb1 Rdd6 55.
Rcb2 Rh5 $2 56. Rb8+ $11 Kh7 57. R1b7 Rdh6 58. Ng5+ $1 Nxg5 59. Qxh5 $1 Qe5
60. Qg4 c3 61. Qc8 Qh2+ 62. Kf1 $14 Qh1+ 63. Ke2 $18 Qxg2 $2 64. Rxf7 $3
Nxf7 65. Qg8+ Kg6 66. Rb6+ Kh5 67. Qxf7+ g6 68. Qf3+ $2 Qxf3+ $16 69. Kxf3
Rh8 70. Rd6 Rc8 71. Rxd5+ g5 72. Rd1 Rc4 73. Rc1 Rxa4 74. Rc2 Kg6 75. Ke2
Kf5 76. Kd3 Ra3 $14 77. Kd4 g4 78. Kd5 Ra4 $11 79. Re2 Re4 80. Rc2 Ra4 81.
Re2 Re4 82. Rc2 1/2-1/2

[Event "ESP-chT Div Honor 2018"]
[Site "Linares"]
[Date "2018.08.08"]
[Round "3"]
[White "Mirzoev, Azer"]
[Black "Rakhmanov, Alexander"]
[Result "0-1"]
[WhiteElo "2510"]
[BlackElo "2629"]
[Annotator "TA"]
[EventDate "2018.08.06"]
[PlyCount "134"]
[EventType "team-tourn"]
[EventCountry "ESP"]

1. d4 Nf6 2. Nf3 e6 3. c4 a6 4. Nc3 d5 5. cxd5 exd5 6. Bg5 Be6 7. Qb3 Nbd7
8. e3 Rb8 $146 9. Qc2 Bd6 10. Bd3 c6 11. Bf4 Qc7 12. Bxd6 Qxd6 13. O-O h6
14. Rfc1 O-O 15. Na4 Rfe8 16. Nc5 Nxc5 17. Qxc5 Qxc5 18. Rxc5 Nd7 19. Rc2
a5 20. h3 Kf8 21. b3 Ke7 22. a3 Ra8 23. Rac1 Kd6 24. Nd2 g5 25. f3 h5 26.
Kf2 h4 27. Rc3 Nf6 28. R1c2 Bd7 29. Rb2 Nh5 30. b4 axb4 $1 31. axb4 f5 32.
b5 Ng3 33. bxc6 Bxc6 34. Bb5 f4 35. Bxc6 bxc6 36. e4 $17 dxe4 37. fxe4 Rxe4
38. Rbc2 Ra6 39. Rc5 Rxd4 40. Rxg5 Ra1 $1 41. Kf3 Ra3+ 42. Kf2 Nh1+ 43. Kf1
Ng3+ 44. Kf2 $19 Rad3 $1 45. Rg6+ Kd5 $1 46. Nf1 Ne4+ 47. Ke2 c5 48. Rh6 $2
Ng3+ 49. Kf2 c4 50. Rh8 c3 51. Rc8 Nxf1 52. Kxf1 Rd1+ 53. Ke2 R1d2+ 54.
Rxd2 Rxd2+ 55. Ke1 Kd4 56. Rd8+ Ke3 57. Re8+ Kd3 58. Rd8+ Kc2 59. Rf8 Rd4
60. Ke2 Re4+ 61. Kf3 Rb4 62. Kg4 Kb2 63. Kxh4 c2 64. Rc8 f3+ 65. Kg3 fxg2
66. Kxg2 c1=Q 67. Rxc1 Kxc1 0-1

[Event "ESP-chT Div Honor 2018"]
[Site "Linares"]
[Date "2018.08.08"]
[Round "3"]
[White "Cuenca Jimenez, Jose Fernando"]
[Black "Santos Ruiz, Miguel"]
[Result "1/2-1/2"]
[WhiteElo "2506"]
[BlackElo "2517"]
[Annotator "TA"]
[EventDate "2018.08.06"]
[PlyCount "60"]
[EventType "team-tourn"]
[EventCountry "ESP"]

1. d4 Nf6 2. c4 e6 3. Nc3 Bb4 4. Qc2 O-O 5. a3 Bxc3+ 6. Qxc3 d5 7. Nf3 dxc4
8. Qxc4 b6 9. Bg5 Ba6 10. Qa4 h6 11. Bh4 c5 12. dxc5 bxc5 13. Rd1 Qb6 14.
Bxf6 gxf6 15. e3 Bxf1 16. Kxf1 Nc6 17. g3 Qb7 18. Kg2 Ne5 19. Qf4 Nxf3 $146
20. Qxf3 Qxb2 21. Rd7 Qe5 22. Qg4+ Qg5 23. Qxg5+ fxg5 $11 24. Rc1 Rfc8 25.
Rb1 Rab8 26. Rxb8 Rxb8 27. Rxa7 c4 28. Rc7 Ra8 29. Rxc4 Rxa3 30. h4 Kg7
1/2-1/2